[Event "Moscow-ch op"]
[Site "Moscow"]
[Date "1995.??.??"]
[Round "1"]
[White "Kobalija, Mihail"]
[Black "Ivashko, Sergey"]
[Result "1-0"]
[WhiteElo "2430"]
[BlackElo "2215"]

1.e4 c5 2.Nf3 d6 3.d4 cxd4 4.Nxd4 Nf6 5.Nc3 Nc6 6.Bg5 e6 7.Qd2 Be7 8.O-O-O a6
9.f4 O-O 10.Kb1 Nxd4 11.Qxd4 Qa5 12.Bc4 b5 13.Bb3 b4 14.Ne2 e5 15.Qd3 Bd7
16.Ng3 Rfe8 17.Bxf6 Bb5 18.Bxf7+ Kxf7 19.Qd5+ Kxf6 20.fxe5+  1-0

[Event "Moscow PCA-Intel qual"]
[Site "Moscow"]
[Date "1995.??.??"]
[Round "2"]
[White "Svidler, Peter"]
[Black "Sher, Miron N"]
[Result "1/2-1/2"]
[WhiteElo "2585"]
[BlackElo "2510"]

1.e4 c5 2.Nf3 d6 3.d4 Nf6 4.Nc3 cxd4 5.Nxd4 Nc6 6.Bg5 e6 7.Qd2 a6 8.O-O-O h6
9.Be3 Bd7 10.f4 Qc7 11.Bd3 b5 12.Kb1 Na5 13.Qe1 Be7 14.Bc1 Nc6 15.Nf3 b4
16.Ne2 e5 17.h3 O-O 18.g4 exf4 19.Nxf4 Ne5 20.Nxe5 dxe5 21.Nd5 Nxd5 22.exd5 Bb5
23.Be4 a5 24.Bxh6 gxh6 25.d6 Bxd6 26.Qd2 Bc6 27.Bxc6 Qxc6 28.Qxh6 Ra6 29.Qg5+  1/2-1/2

[Event "Moscow-ch op"]
[Site "Moscow"]
[Date "1995.??.??"]
[Round "2"]
[White "Saulin, Dmitri"]
[Black "Korotylev, Alexey"]
[Result "1-0"]
[WhiteElo "2345"]
[BlackElo "2450"]

1.e4 c5 2.Nf3 Nc6 3.d4 cxd4 4.Nxd4 Nf6 5.Nc3 d6 6.Bg5 e6 7.Qd2 a6 8.O-O-O h6
9.Be3 Be7 10.f3 Nxd4 11.Bxd4 b5 12.Kb1 Rb8 13.Qe3 Bd7 14.e5 dxe5 15.Bxe5 Rb7
16.g4 Qc8 17.h4 Bc6 18.Be2 Rg8 19.g5 hxg5 20.hxg5 Nd5 21.Nxd5 Bxd5 22.Bxg7 Rd7
23.Bf6 Qd8 24.Qe5 Qc7 25.Qe3 Bc5 26.Qc3 Be7 27.Qe1 Bxf6 28.gxf6 Qf4 29.Qg1 Rf8
30.Qg7 Qb4 31.Rh8 Rd8 32.a3 Qc5 33.b4 Qd6 34.c4 bxc4 35.Bxc4 Rxh8 36.Bxd5  1-0

[Event "RUS-chJ"]
[Site "Moscow"]
[Date "1995.??.??"]
[Round "2"]
[White "Kobalija, Mihail"]
[Black "Korotylev, Alexey"]
[Result "1/2-1/2"]
[WhiteElo "2415"]
[BlackElo "2445"]

1.e4 c5 2.Nf3 Nc6 3.d4 cxd4 4.Nxd4 Nf6 5.Nc3 d6 6.Bg5 e6 7.Qd2 a6 8.O-O-O h6
9.Bf4 Bd7 10.Nxc6 Bxc6 11.f3 d5 12.Qe1 Bb4 13.a3 Ba5 14.Bd2 Qe7 15.Kb1 dxe4
16.fxe4 Bc7 17.Bd3 O-O-O 18.Na2 Nd7 19.Nb4 Ne5 20.Nxc6 Nxc6 21.Qf2 Rd7 22.Be3 Rhd8
23.h3 Be5 24.Bb6 Bc7 25.Be3 Kb8 26.Be2 Rxd1+ 27.Rxd1 Rxd1+ 28.Bxd1 Be5 29.c3 Qd6
30.Qd2 Kc7 31.Qxd6+ Kxd6 32.Kc2 Bg3 33.Be2 Ke5 34.Kd3 Kd6 35.b4 Ne5+ 36.Kc2 Nd7
37.a4 Kc7 38.a5 Be5 39.Kb3 Nf6 40.Bd3 h5 41.Bb6+ Kc8 42.Bd4 Nd7 43.b5 axb5
44.Bxb5 Bc7 45.a6 bxa6 46.Bxa6+ Kd8 47.Be2 g6 48.Kc4 Be5 49.Be3 Kc7 50.Kb4 Nb8
51.Bb5 Nc6+ 52.Kb3 Kd6 53.Kc4 Bg7 54.Bc5+ Kc7 55.Kb3 Be5 56.Kc2 Bg7 57.Kd3 Ne5+
58.Ke3 Nd7 59.Bb4 Bh6+ 60.Ke2 Bg7 61.c4 Bd4 62.Bd2 Kd6 63.Bb4+ Bc5 64.Bc3 Ne5
65.Bd2 Nd7 66.Bh6 Bd4 67.Bf4+ Ke7 68.Bd2 Nc5 69.Bb4 Kf6  1/2-1/2

[Event "Moscow op"]
[Site "Moscow"]
[Date "1995.??.??"]
[Round "4"]
[White "Kholmov, Ratmir D"]
[Black "Vasiukov, Evgeni"]
[Result "0-1"]
[WhiteElo "2445"]
[BlackElo "2490"]

1.e4 c5 2.Nf3 Nc6 3.d4 cxd4 4.Nxd4 Nf6 5.Nc3 d6 6.Bg5 Qb6 7.Nb3 e6 8.Qd2 a6
9.Be2 Bd7 10.O-O Be7 11.Rad1 O-O 12.Kh1 Rad8 13.Bxf6 gxf6 14.Qh6 Kh8 15.Bd3 Ne5
16.f4 Ng6 17.f5 Ne5 18.Be2 Rg8 19.Qh3 Rc8 20.Rf4 Rg7 21.Qh4 Rcg8 22.Qf2 Qc7
23.g3 b5 24.Nd4 b4 25.Nb1 Nc6 26.Nb3 Bc8 27.N1d2 Bb7 28.Kg1 a5 29.fxe6 fxe6
30.Bb5 Ne5 31.Qe2 Qb6+ 32.Kg2 f5 33.Bd3 a4 34.Nc1 Bg5 35.Rff1 Ng4 36.Nc4 Qc5
37.Rf3 Nf6 38.exf5 Bxc1 39.Rxc1 exf5 40.Rf1 f4  0-1

[Event "Moscow op2"]
[Site "Moscow"]
[Date "1995.??.??"]
[Round "6"]
[White "Kornev, Alexei"]
[Black "Belikov, Vladimir"]
[Result "0-1"]
[WhiteElo "2360"]
[BlackElo "2480"]

1.e4 c5 2.Nf3 Nc6 3.d4 cxd4 4.Nxd4 Nf6 5.Nc3 d6 6.Bg5 Qb6 7.Nb3 e6 8.Qd2 Be7
9.O-O-O O-O 10.f3 Rd8 11.Kb1 Qc7 12.h4 a6 13.h5 h6 14.Bh4 b5 15.g4 Ne5 16.Qf2 b4
17.Na4 Rb8 18.Bg3 Bb7 19.g5 hxg5 20.Nd4 g4 21.h6 g6 22.h7+ Kh8 23.Bd3 gxf3
24.Nxf3 Nxe4 25.Bxe4 Bxe4 26.Nxe5 dxe5 27.Rhe1 Rxd1+ 28.Rxd1 f6 29.Qe2 Rd8
30.Re1 Bf5 31.b3 Qd6 32.Rc1 Qc6 33.Nb2 Bc5 34.Bh4 g5 35.Bg3 Bd4 36.Nc4 Qe4
37.Qh5 Bxh7 38.Qf7 Qg6 39.Qe7 Re8 40.Qd7 Rf8  0-1

[Event "Moscow-ch op"]
[Site "Moscow"]
[Date "1995.??.??"]
[Round "9"]
[White "Kobalija, Mihail"]
[Black "Baikov, Vladimir A"]
[Result "1/2-1/2"]
[WhiteElo "2430"]
[BlackElo "2370"]

1.e4 c5 2.Nf3 d6 3.d4 cxd4 4.Nxd4 Nf6 5.Nc3 Nc6 6.Bg5 Bd7 7.Qd2 Rc8 8.O-O-O Nxd4
9.Qxd4 Qa5 10.Bd2 e5 11.Qd3 a6 12.a3 Be6 13.f3 Qc7 14.Be2 Nd7 15.Be3 Be7
16.Kb1 O-O 17.Qd2 Nb6 18.Bxb6 Qxb6 19.Nd5 Bxd5 20.Qxd5 Rc5 21.Qb3 Qc7 22.Rd5 b5
23.Rhd1 g6 24.c3 Kg7 25.Ka2 Qa7 26.Bd3 Rfc8 27.Bf1 h5 28.g3 R8c7 29.Qc2 Rxd5
30.Rxd5 Rc5 31.Qf2 Qc7 32.Rxc5 dxc5 33.Qd2 c4 34.Qd5 Qb6 35.Bh3 Qf2 36.Qd7 Bg5
37.Be6 Qxf3 38.Bd5 Qf2 39.Kb1 h4 40.gxh4 Bxh4 41.a4 bxa4 42.Bxc4 Bg5 43.h3 a5
44.Qd5 Qf4 45.Ka2 Be7 46.Qb7 Bf8 47.Qd7 a3 48.bxa3 a4 49.Qe8 Qd2+ 50.Kb1 Qe1+
51.Ka2 Qd2+ 52.Kb1 Bxa3 53.Qxe5+ f6 54.Qb5 Qxc3 55.h4 Kh6 56.Bd5 Qb4+ 57.Qxb4 Bxb4
58.Bc6 Kh5 59.Bxa4 Kxh4 60.Kc2 g5 61.Kd3 Kg3 62.Ke2 g4 63.Bd7 Bc5 64.Bc8 Bd4
65.Bd7 Kf4 66.Bc8 g3 67.Bh3 Kxe4 68.Bg2+  1/2-1/2

[Event "Moscow-ch op"]
[Site "Moscow"]
[Date "1995.??.??"]
[Round "11"]
[White "Pokrovski, Pavel"]
[Black "Verner, A."]
[Result "1/2-1/2"]
[WhiteElo "2270"]
[BlackElo "2360"]

1.e4 c5 2.Nf3 d6 3.d4 cxd4 4.Nxd4 Nf6 5.Nc3 Nc6 6.Bg5 e6 7.Qd2 Be7 8.O-O-O O-O
9.f4 h6 10.Bh4 e5 11.Nf5 Bxf5 12.exf5 exf4 13.Kb1 d5 14.Bxf6 Bxf6 15.Nxd5 Be5
16.g3 fxg3 17.hxg3 Ne7 18.g4 Nxd5 19.Qxd5 Qf6  1/2-1/2

[Event "Mravinci-A"]
[Site "Mravinci"]
[Date "1995.??.??"]
[Round "?"]
[White "Roschina, Tatiana"]
[Black "Grosar, Aljosa"]
[Result "1-0"]
[WhiteElo "2190"]
[BlackElo "2475"]

1.e4 c5 2.Nf3 d6 3.d4 cxd4 4.Nxd4 Nf6 5.Nc3 Nc6 6.Bg5 e6 7.Bb5 Bd7 8.Bxc6 bxc6
9.Qf3 Qa5 10.Bh4 Qh5 11.Qxh5 Nxh5 12.O-O-O e5 13.Nb3 Be7 14.Bxe7 Kxe7 15.Nd2 Be6
16.Rhe1 g6 17.g3 f5 18.f4 Kf6 19.Nf3 Rad8 20.exf5 Bxf5 21.fxe5+ dxe5 22.Rxd8 Rxd8
23.Nxe5 Bd7 24.Na4 Ng7 25.Nc5 Be8 26.c4 h5 27.Kc2 Nf5 28.Kc3 h4 29.gxh4 Nxh4
30.Nxc6 Bxc6 31.Re6+ Kf5 32.Rxc6 Nf3 33.Nb3 Rh8 34.c5 Ne5 35.Rd6 Rh3+ 36.Kb4 Rxh2
37.Nd2 g5 38.Rd5 Rh4+ 39.Kb5 Ke6 40.Rd6+ Ke7 41.b3 Rf4 42.Nc4 Nxc4 43.bxc4 Rf6
44.Ra6 Rxa6 45.Kxa6 g4 46.c6 Kd6 47.Kb7 g3 48.c7 g2 49.c5+ Kd5 50.c8=Q g1=Q
51.Qc6+ Kc4 52.Qa6+ Kd5 53.c6 Qb1+ 54.Kxa7 Kd6 55.a4 Qh7+ 56.c7+ Ke5 57.Qb7 Qd7
58.c8=Q Qxa4+ 59.Kb8 Kf4 60.Qf8+  1-0

[Event "New York op"]
[Site "New York"]
[Date "1995.??.??"]
[Round "3"]
[White "Ziatdinov, Raset"]
[Black "Cifuentes Parada, Roberto"]
[Result "1/2-1/2"]
[WhiteElo "2440"]
[BlackElo "2535"]

1.e4 c5 2.Nf3 Nc6 3.d4 cxd4 4.Nxd4 Nf6 5.Nc3 d6 6.Bg5 Bd7 7.Qd2 Rc8 8.O-O-O Nxd4
9.Qxd4 Qa5 10.Bd2 g6 11.Kb1 Bg7 12.Nd5 Qa4 13.Qxa4 Bxa4 14.Nxf6+ Bxf6 15.Bd3 O-O
16.Be3 a6 17.g4 Bd7 18.h4 Bxg4 19.Rdg1 Bh5 20.f4  1/2-1/2

[Event "New York op"]
[Site "New York"]
[Date "1995.??.??"]
[Round "3"]
[White "Svidler, Peter"]
[Black "Manion, Josh"]
[Result "1-0"]
[WhiteElo "2585"]
[BlackElo "2335"]

1.e4 c5 2.Nf3 d6 3.d4 cxd4 4.Nxd4 Nf6 5.Nc3 Nc6 6.Bg5 Bd7 7.f4 Qb6 8.Nb3 e6
9.Qd2 Be7 10.O-O-O a6 11.e5 Ng4 12.Bxe7 Nxe7 13.Ne4 Nf5 14.Nxd6+ Nxd6 15.Qxd6 Bc6
16.Qd4 Qxd4 17.Rxd4 O-O 18.Na5 Bd5 19.c4 Rac8 20.Kd2 Be4 21.Rxe4 Nf2 22.Re1 Nxh1
23.Ke3 b6 24.Nb3 f6 25.exf6 Rxf6 26.Be2 e5 27.f5 g6 28.Rxh1 gxf5 29.Nd2 Rd8
30.Nf3 Re8 31.g3 Rd6 32.b4 Rg6 33.Rc1 f4+ 34.gxf4 exf4+ 35.Kf2 Rge6 36.Rc2 Kg7
37.c5 b5 38.Nd4 Re5 39.Rc3 Rc8 40.Bg4 Rc7 41.Ne6+ Rxe6 42.Bxe6 Kf6  1-0

[Event "Nikolaev zt"]
[Site "Nikolaev"]
[Date "1995.??.??"]
[Round "10"]
[White "Stripunsky, Alexander"]
[Black "Lerner, Konstantin Z"]
[Result "0-1"]
[WhiteElo "2495"]
[BlackElo "2560"]

1.e4 c5 2.Nf3 d6 3.d4 cxd4 4.Nxd4 Nf6 5.Nc3 Nc6 6.Bg5 e6 7.Qd2 a6 8.O-O-O h6
9.Bf4 Bd7 10.Bg3 Rc8 11.Nb3 b5 12.Bxd6 b4 13.Bxf8 bxc3 14.Qxc3 Rxf8 15.Bxa6 Rc7
16.Nc5 Nb8 17.Bb7 Nxe4 18.Bxe4 Qg5+ 19.Kb1 Rxc5 20.Qd3 f5 21.Qd6 fxe4 22.Qxb8+ Qd8
23.Qg3 Rg5 24.Qe3 Rxg2 25.Rd2 Qg5 26.Qd4 Bc6 27.Rhd1 Kf7 28.Qd6 Rc8 29.b3 Qf5
30.Rd4 Be8 31.Qa6 Rc7 32.Qb6 Re7 33.R4d2 Rxh2 34.a4 Rh5 35.Rd4 Qxf2 36.a5 Rb5
37.Qd8 e3 38.Qd6 e5 39.Rg4 e2 40.Rxg7+ Kxg7 41.Qxe7+ Bf7  0-1

[Event "JUG-ch sf"]
[Site "Nis"]
[Date "1995.??.??"]
[Round "?"]
[White "Carnic, Dejan"]
[Black "Pavlovic, Dragoljub"]
[Result "0-1"]
[WhiteElo "2185"]
[BlackElo "2340"]

1.e4 c5 2.Nf3 Nc6 3.d4 cxd4 4.Nxd4 Nf6 5.Nc3 d6 6.Bg5 e6 7.Qd2 a6 8.O-O-O h6
9.Be3 Be7 10.f4 Bd7 11.h3 b5 12.Bd3 Qc7 13.g4 Nxd4 14.Bxd4 b4 15.Ne2 e5 16.Be3 Qa5
17.Kb1 Be6 18.Nc1 exf4 19.Bxf4 Nd7 20.Nb3 Qb6 21.Be3 Qb8 22.Nd4 Ne5 23.g5 h5
24.g6 Bf6 25.gxf7+ Bxf7 26.Nf5 O-O 27.Rhg1 Rd8 28.Nh6+ Kf8 29.Nxf7 Kxf7 30.Qe2 Rh8
31.Bc4+ Ke7 32.Bd5 Ra7 33.Bxa7 Qxa7 34.Qf1 g6 35.Rxg6 Nxg6 36.Qf5 Nf8 37.Rf1 Qd4
38.c3 bxc3 39.Qc8  0-1

[Event "JUG-ch sf"]
[Site "Nis"]
[Date "1995.??.??"]
[Round "?"]
[White "Subasic, Dragan"]
[Black "Perisic, Radivoj"]
[Result "0-1"]
[WhiteElo "2220"]
[BlackElo "2310"]

1.e4 c5 2.Nf3 d6 3.d4 cxd4 4.Nxd4 Nf6 5.Nc3 Nc6 6.Bg5 e6 7.Qd2 a6 8.f4 h6
9.Bxf6 Qxf6 10.Nf3 Qd8 11.O-O-O Qc7 12.g4 b5 13.Kb1 b4 14.Na4 Be7 15.Bg2 Bd7
16.b3 O-O 17.Nc5 Rfd8 18.Nxd7 Rxd7 19.g5 Qa5 20.h4 Na7 21.a4 Rc7 22.Qc1 Rac8
23.Rd2 Rc3 24.Qb2 h5 25.e5 Qb6 26.Rhd1 d5 27.f5 exf5 28.Nd4 g6 29.Bxd5 Qc5
30.Bc4 Qxe5 31.Re2 Qc5 32.Rde1 Bf8 33.Ne6 fxe6 34.Rxe6 Kh7 35.Rd1 Rc7 36.Qc1 Rxc4
37.bxc4 Qxc4 38.Rde1 Bg7 39.Qd2 Nc8 40.R1e3 Qc5 41.Rxa6 Nb6 42.Qe2 Nd5  0-1

[Event "JUG-chT"]
[Site "Nis"]
[Date "1995.??.??"]
[Round "?"]
[White "Knezevic, Bojan"]
[Black "Cabrilo, Goran"]
[Result "1/2-1/2"]
[WhiteElo "2390"]
[BlackElo "2465"]

1.e4 c5 2.Nf3 d6 3.d4 cxd4 4.Nxd4 Nf6 5.Nc3 Nc6 6.Bg5 e6 7.Qd2 a6 8.O-O-O Bd7
9.f4 b5 10.Bxf6 gxf6 11.Kb1 Qb6 12.Nxc6 Bxc6 13.Qe1 O-O-O 14.Bd3 Kb8 15.f5 Rg8
16.Rf1 Rxg2 17.fxe6 fxe6 18.Rxf6 Bg7 19.Rxe6 Qf2 20.Qxf2 Rxf2  1/2-1/2

[Event "NLD-chT9596"]
[Site "?"]
[Date "1995.??.??"]
[Round "?"]
[White "Hommeles, Theo"]
[Black "Cifuentes Parada, Roberto"]
[Result "1/2-1/2"]
[WhiteElo "2275"]
[BlackElo "2535"]

1.e4 c5 2.Nf3 Nc6 3.d4 cxd4 4.Nxd4 Nf6 5.Nc3 d6 6.Bg5 Bd7 7.Qd2 Rc8 8.O-O-O Nxd4
9.Qxd4 Qa5 10.Bd2 g6 11.Kb1 Bg7 12.Nd5 Qa4 13.Qxa4 Bxa4 14.Nc3 Bc6 15.f3 a6
16.Be3 b5 17.a4 bxa4 18.Bxa6 Rb8 19.Ba7 Ra8 20.Bb5 Bxb5 21.Nxb5 O-O 22.Rd4 a3
23.bxa3 Rfc8 24.Rhd1 Nd7 25.Rb4 Ne5 26.Bd4 Nc6 27.Rb3 Na5 28.Bxg7 Kxg7 29.Rb4 Nc6
30.Rb2 Ne5 31.Rd4 Rc5 32.Rb3 Nc4 33.Ka2 Na5 34.Rb2 Nc4 35.Rb3 Na5 36.Rb2 Nc4  1/2-1/2

[Event "NLD-chT9596"]
[Site "?"]
[Date "1995.??.??"]
[Round "?"]
[White "Hallebeek, Fred"]
[Black "Van Doeland, Julius H"]
[Result "1/2-1/2"]
[WhiteElo "2315"]
[BlackElo "2310"]

1.e4 c5 2.Nf3 d6 3.d4 cxd4 4.Nxd4 Nf6 5.Nc3 Nc6 6.Bg5 e6 7.Qd2 a6 8.O-O-O h6
9.Bf4 Bd7 10.Nxc6 Bxc6 11.f3 d5 12.exd5 Nxd5 13.Nxd5 Qxd5 14.Qxd5 Bxd5 15.Be5 Rc8
16.Kb1 f6 17.Bd4 Be7 18.Bd3 Kf7 19.Rhe1 Rhd8 20.a3 b5 21.Bb6 Rd6 22.Ba5 Rdc6
23.Re2 Bd6 24.h3 g5 25.Bf5 Re8 26.Rxd5 exd5 27.Bg6+ Kxg6 28.Rxe8 Bg3 29.Kc1 h5
30.Kd2 Kf7 31.Rd8 Ke6 32.Re8+ Kf5 33.Kd3 Be5 34.b3 h4 35.Bd2 Bb2 36.a4 bxa4
37.bxa4 Rc4 38.a5 Rd4+ 39.Ke2 Rc4 40.Kd3 Rd4+ 41.Ke2 Rc4 42.Kd3 Rd4+  1/2-1/2

[Event "NLD-chT9596"]
[Site "?"]
[Date "1995.??.??"]
[Round "?"]
[White "Wiersma, Eelke"]
[Black "Peek, Marcel"]
[Result "1/2-1/2"]
[WhiteElo "2280"]
[BlackElo "2335"]

1.e4 c5 2.Nf3 d6 3.d4 cxd4 4.Nxd4 Nf6 5.Nc3 Nc6 6.Bg5 e6 7.Qd2 a6 8.O-O-O Bd7
9.f4 h6 10.Bh4 g5 11.fxg5 Ng4 12.Nf3 hxg5 13.Bg3 Nce5 14.Nxe5 Nxe5 15.Be2 b5
16.Rdf1 Qa5 17.Bxe5 dxe5 18.Rxf7 O-O-O 19.Rd1 Be8 20.Qxd8+ Qxd8 21.Rxd8+ Kxd8
22.Rf3 Bc6 23.a3 Bc5 24.h3 Ke7 25.Bd3 Rh4 26.g4 Rh8 27.b4 Bd6 28.Kb2 Ra8
29.Kb3 Rb8 30.Ne2 Ra8 31.Rf1 Rh8 32.Rf3 Ra8 33.Ng3 Rh8 34.Nf1 a5 35.Nd2 Ra8
36.Rf1 Rh8 37.Nf3 axb4 38.axb4 Rxh3 39.Nxg5 Rg3 40.Rf7+ Ke8 41.Rg7 Be7 42.Kb2 Rxg4  1/2-1/2

[Event "NLD-chT9596"]
[Site "?"]
[Date "1995.??.??"]
[Round "?"]
[White "Van der Wiel, John TH"]
[Black "Peek, Marcel"]
[Result "1/2-1/2"]
[WhiteElo "2570"]
[BlackElo "2335"]

1.e4 c5 2.Nf3 d6 3.d4 cxd4 4.Nxd4 Nf6 5.Nc3 Nc6 6.Bg5 e6 7.Qd2 Be7 8.O-O-O Nxd4
9.Qxd4 O-O 10.f4 Qa5 11.Bc4 Bd7 12.e5 dxe5 13.fxe5 Bc6 14.Bd2 Nd7 15.Nd5 Qd8
16.Nxe7+ Qxe7 17.Rhe1 Rfd8 18.Bf1 Nf8 19.b4 Qc7 20.h4 Rd5 21.h5 h6 22.Qg4 Rad8
23.Bc3 Rxd1+ 24.Rxd1 Rxd1+ 25.Kxd1 Qd8+ 26.Ke1 Nd7 27.Qf4  1/2-1/2

[Event "Novgorod op"]
[Site "Novgorod"]
[Date "1995.??.??"]
[Round "3"]
[White "Dolmatov, Sergey"]
[Black "Sherbakov, Ruslan"]
[Result "1/2-1/2"]
[WhiteElo "2605"]
[BlackElo "2520"]

1.e4 c5 2.Nf3 Nc6 3.d4 cxd4 4.Nxd4 Nf6 5.Nc3 d6 6.Bg5 e6 7.Qd2 a6 8.O-O-O Bd7
9.f4 b5 10.Bxf6 gxf6 11.Nxc6 Bxc6 12.Qe1 Be7 13.Bd3 Qb6 14.Kb1 h5 15.Rf1 a5
16.f5 b4 17.Ne2 e5 18.Nc1 Qb7 19.Qe2 a4 20.Rfe1 d5 21.exd5 Bxd5 22.Rd2 Kf8
23.Be4 Bxe4 24.Qxe4 Qxe4 25.Rxe4 Rg8 26.Nd3 Rd8 27.h3 Rg3 28.b3 axb3 29.axb3 Bc5
30.Rde2 Bd4 31.Nxb4 Bc3 32.Nd3 Ra8 33.Nb2 Bd4 34.Rh4 Rg5 35.g4 Kg7 36.Na4 hxg4
37.hxg4 Rc8 38.Re4 Rd8 39.c3 Bf2 40.Rh2 Bg3 41.Rg2 Bf4 42.Kc2 Rg8 43.Nc5 Kh6
44.Ree2 Rxg4 45.Rxg4 Rxg4 46.Ne4 Rg1 47.b4 Kh5 48.b5 Kg4 49.b6 Kf3 50.b7 Rg8
51.Re1 Rb8 52.Nd6 e4 53.Rf1+ Kg4 54.Nxe4 Rxb7 55.Nxf6+ Kg5 56.Nd5 Bd6 57.Kd3 Rb8
58.c4 Be5 59.f6 Re8 60.Rb1 Kg6 61.Rb5 Rc8 62.Ra5 Bd6 63.Kd4 Rh8 64.c5 Rh4+
65.Kc3 Be5+ 66.Kb3 Kf5 67.Ra6 Rh1 68.Ne7+ Kg5 69.Nd5 Kf5 70.Kc4 Rc1+ 71.Kb5 Bd4
72.Rc6 Ke5 73.Nb6 Rxc5+ 74.Rxc5+ Bxc5 75.Nd7+ Ke6  1/2-1/2

[Event "Novgorod op"]
[Site "Novgorod"]
[Date "1995.??.??"]
[Round "6"]
[White "Korneev, Oleg"]
[Black "Sherbakov, Ruslan"]
[Result "1-0"]
[WhiteElo "2540"]
[BlackElo "2520"]

1.e4 c5 2.Nf3 Nc6 3.d4 cxd4 4.Nxd4 Nf6 5.Nc3 d6 6.Bg5 e6 7.Qd2 a6 8.O-O-O Bd7
9.f3 Be7 10.h4 O-O 11.g4 Rc8 12.Kb1 b5 13.Be3 Ne5 14.Bd3 Nc4 15.Bxc4 Rxc4
16.h5 h6 17.Rhg1 Nh7 18.b3 Rc7 19.f4 Qc8 20.Nce2 Nf6 21.Qd3 e5 22.Nf5 Bxf5
23.gxf5 Kh8 24.Bc1 Qb7 25.fxe5 dxe5 26.Nc3 Rfc8 27.Bb2 Bc5 28.Rge1 Bd4 29.Nd5 Rxc2
30.Bxd4 Nxd5 31.exd5 exd4 32.Qxd4 f6 33.d6 Qd7 34.Qg4 Qc6 35.d7 Rb2+ 36.Kxb2 Qc3+
37.Ka3 Qa5+ 38.Qa4  1-0

[Event "Novgorod op"]
[Site "Novgorod"]
[Date "1995.??.??"]
[Round "7"]
[White "Dolmatov, Sergey"]
[Black "Galliamova, Alisa"]
[Result "1/2-1/2"]
[WhiteElo "2605"]
[BlackElo "2475"]

1.e4 c5 2.Nf3 Nc6 3.d4 cxd4 4.Nxd4 Nf6 5.Nc3 d6 6.Bg5 e6 7.Qd2 a6 8.O-O-O h6
9.Be3 Qc7 10.f3 Rb8 11.g4 Ne5 12.h4 b5 13.Qg2 g6 14.g5 hxg5 15.hxg5 Rxh1
16.Qxh1 Nh5 17.f4 Ng4 18.Qf3 Nxe3 19.Qxe3 b4 20.Nce2 e5 21.Nb3 a5 22.Kb1 a4
23.Nbc1 Be6 24.fxe5 dxe5 25.Bh3 Rc8 26.Rd2 Bxh3 27.Qxh3 Be7 28.Qg4 Rd8 29.Rd5 Rc8
30.Rd2 Ng7 31.Ng1 a3 32.Nf3 axb2 33.Nb3 Ne6 34.Qh4 Qc3 35.Qh8+ Nf8 36.Qxe5 Qxe5
37.Nxe5 Bxg5 38.Rf2 Rc7 39.Nd3 Be7 40.Kxb2 g5  1/2-1/2

[Event "Novosibirsk"]
[Site "Novosibirsk"]
[Date "1995.??.??"]
[Round "1"]
[White "Svidler, Peter"]
[Black "Makarov, Marat"]
[Result "1/2-1/2"]
[WhiteElo "2635"]
[BlackElo "2520"]

1.e4 c5 2.Nf3 Nc6 3.d4 cxd4 4.Nxd4 Nf6 5.Nc3 d6 6.Bg5 e6 7.Qd2 a6 8.O-O-O h6
9.Bf4 Bd7 10.Nxc6 Bxc6 11.f3 d5 12.Qe1 Bb4 13.a3 Ba5 14.Bd2 Rc8 15.Qg3 Bc7
16.e5 Nd7 17.Re1 Kf8 18.f4 Nc5 19.Be3 Bb6 20.Rd1 Qc7 21.Kb1 Ne4 22.Nxe4 dxe4
23.c4 Kg8 24.Rd6 Kh7 25.Be2 Bxe3 26.Qxe3 Rhd8 27.Rhd1 Rxd6 28.exd6 Qd8 29.g4 Qf6
30.g5 Qf5 31.Rg1 g6 32.Bg4 Qa5 33.gxh6 Qd8 34.f5 Qxd6 35.fxg6+ fxg6 36.Qg5 Rf8
37.Ka2 e5 38.h4 Qf6 39.Kb3 Be8 40.Be2 Bc6 41.Kc3 e3 42.Rf1 Qd6 43.Rxf8 Qxf8
44.Qxe5 Qxh6 45.Qe7+ Kg8 46.Qf6 Be8 47.Kd4 Bf7 48.b4 Qf8 49.Kxe3 a5 50.c5 axb4
51.axb4 Qe8+ 52.Kf2 Qe4 53.b5 Qb4 54.c6 Qc5+ 55.Kg3 bxc6 56.bxc6 Qg1+ 57.Kf4 Qc1+
58.Ke4 Qd2 59.Kf3 Bd5+ 60.Kf2 Bxc6 61.Qxg6+ Kh8 62.Qf6+ Kh7 63.Qxc6 Qf4+
64.Kg2 Qxh4 65.Bd3+ Kg7  1/2-1/2

[Event "RUS-sf"]
[Site "Novosibirsk"]
[Date "1995.??.??"]
[Round "3"]
[White "Nevostrujev, Vladimir"]
[Black "Khasin, Alexander"]
[Result "1-0"]
[WhiteElo "2425"]
[BlackElo "2480"]

1.e4 c5 2.Nf3 Nc6 3.d4 cxd4 4.Nxd4 Nf6 5.Nc3 d6 6.Bg5 e6 7.Qd2 a6 8.O-O-O h6
9.Be3 Be7 10.Be2 Nxd4 11.Qxd4 e5 12.Qa4+ Bd7 13.Qb3 b5 14.f4 O-O 15.fxe5 dxe5
16.Rhf1 Qc7 17.Rxf6 Bxf6 18.Nd5 Qd6 19.Nb6 Qxd1+ 20.Bxd1 Be6 21.Nd5 Bxd5
22.exd5 Be7  1-0

[Event "Odorheiu Secuiesc zt"]
[Site "Odorheiu Secuiesc"]
[Date "1995.??.??"]
[Round "3"]
[White "Varga, Zoltan"]
[Black "Groszpeter, Attila"]
[Result "1/2-1/2"]
[WhiteElo "2460"]
[BlackElo "2520"]

1.e4 c5 2.Nf3 d6 3.d4 cxd4 4.Nxd4 Nf6 5.Nc3 Nc6 6.Bg5 e6 7.Qd2 a6 8.O-O-O h6
9.Be3 Be7 10.f3 Nxd4 11.Qxd4 e5 12.Qb6 Qxb6 13.Bxb6 Be6 14.Nd5 Nxd5 15.exd5  1/2-1/2

[Event "CZE-ch"]
[Site "Olomouc"]
[Date "1995.??.??"]
[Round "?"]
[White "Rehak, Martin"]
[Black "Majer, Jiri"]
[Result "1/2-1/2"]
[WhiteElo "2170"]
[BlackElo "2300"]

1.e4 c5 2.Nf3 Nc6 3.d4 cxd4 4.Nxd4 Nf6 5.Nc3 d6 6.Bg5 e6 7.Qd2 Be7 8.O-O-O O-O
9.f4 Nxd4 10.Qxd4 Qa5 11.Bc4 Bd7 12.Rhe1 Bc6 13.Nd5 Nxd5 14.exd5 e5 15.Qe4 Bxg5
16.dxc6 Bxf4+ 17.Kb1 bxc6 18.Rxd6 Rab8 19.Bb3 Rb4 20.Qe2 Qc5 21.Rd7 Rd4 22.Rxd4 exd4
23.Rf1 Be3 24.Qf3 a5 25.Bxf7+ Kh8 26.Qe2 Rb8 27.Qc4 Qa3 28.b3 a4 29.Bh5 Ra8
30.Qe2 Qb4 31.Bf7 Qa3 32.Bc4 Rd8 33.Qd3 axb3 34.cxb3 Qb4 35.Qf5 Qe7 36.Bd3 g6
37.Qf6+ Qxf6 38.Rxf6 Rc8 39.Be4 c5 40.Bd3 Kg7  1/2-1/2

[Event "CZE-ch (Women)"]
[Site "Olomouc"]
[Date "1995.??.??"]
[Round "?"]
[White "Pallova, Martina"]
[Black "Eretova, Kveta"]
[Result "0-1"]
[WhiteElo "2055"]
[BlackElo "2145"]

1.e4 c5 2.Nf3 d6 3.d4 cxd4 4.Nxd4 Nf6 5.Nc3 Nc6 6.Bg5 e6 7.f4 Be7 8.Ndb5 a6
9.Bxf6 gxf6 10.Na3 b5 11.Nab1 Qb6 12.Bd3 Qe3+ 13.Ne2 Rg8 14.Kf1 Bb7 15.Qd2 Qc5
16.c3 h5 17.Nd4 f5 18.exf5 Nxd4 19.cxd4 Bxg2+ 20.Ke1 Bh4+ 21.Kd1 Bf3+ 22.Be2 Bxe2+
23.Kxe2 Qxf5 24.Kd1 Qe4 25.Re1 Bxe1  0-1

[Event "CZE-ch"]
[Site "Olomouc"]
[Date "1995.??.??"]
[Round "?"]
[White "Rehak, Martin"]
[Black "Cvek, Robert"]
[Result "0-1"]
[WhiteElo "2170"]
[BlackElo "2285"]

1.e4 c5 2.Nf3 Nc6 3.d4 cxd4 4.Nxd4 Nf6 5.Nc3 d6 6.Bg5 e6 7.Qd2 a6 8.O-O-O h6
9.Be3 Be7 10.f4 Bd7 11.h3 b5 12.Bd3 Nxd4 13.Bxd4 b4 14.Ne2 e5 15.Be3 a5 16.g4 Qc7
17.Kb1 Bc6 18.Ng3 Qb7 19.Rhe1 Rc8 20.Bf2 g6 21.fxe5 dxe5 22.Be3 h5 23.gxh5 Nxh5
24.Nxh5 Rxh5 25.Qg2 Rd8 26.Bc1 a4 27.Re3 b3 28.Rg3 Rd6 29.Rf1 Bh4 30.Rg4 bxc2+
31.Bxc2 Bd7 32.Rxh4 Rxh4 33.Bg5 Rh5 34.h4 a3 35.Bb3 Be6 36.Ba4+ Kf8 37.b3 Rd4
38.Ka1 Rxa4 39.bxa4 Bh3  0-1

[Event "CRO-chT2"]
[Site "Opatija"]
[Date "1995.??.??"]
[Round "?"]
[White "Messing, Hrvoje"]
[Black "Biliskov, Vjekoslav"]
[Result "1/2-1/2"]
[WhiteElo "2340"]
[BlackElo "2320"]

1.e4 c5 2.Nf3 d6 3.d4 cxd4 4.Nxd4 Nf6 5.Nc3 Nc6 6.Bg5 e6 7.Qd2 a6 8.O-O-O h6
9.Be3 Be7 10.f3 Nxd4 11.Bxd4 b5 12.Qf2 Bd7 13.e5 dxe5 14.Bxe5 Qa5 15.Kb1 Bc6
16.Bd3 O-O 17.Ne4 Nxe4 18.fxe4 f6 19.Bd4 Qc7 20.g4 Qb7 21.Rhe1 e5 22.Bc3 Bd7
23.Qg3 Be6 24.h4 b4 25.Bd2 g5 26.Rh1 Kg7 27.Rh2 Qc7 28.Rdh1 Rh8 29.hxg5 hxg5
30.Rh3 Rag8 31.b3 Qc8 32.Be2  1/2-1/2

[Event "Pamplona op"]
[Site "Pamplona"]
[Date "1995.??.??"]
[Round "?"]
[White "Oms Pallise, Josep"]
[Black "Martinez, J."]
[Result "1-0"]
[WhiteElo "2375"]
[BlackElo "1965"]

1.e4 c5 2.Nc3 d6 3.Nge2 Nc6 4.d4 cxd4 5.Nxd4 Nf6 6.Bg5 a6 7.Qd2 e6 8.O-O-O Be7
9.f3 d5 10.exd5 Nxd5 11.Bxe7 Ncxe7 12.Nxd5 Nxd5 13.Nf5 O-O 14.Ne3 Qc7 15.Nxd5 exd5
16.Kb1 Be6 17.Qd4 Rac8 18.Bd3 Qc5 19.Qh4 g6 20.g4 Rc6 21.Rhe1 d4 22.Qf2 Qa5
23.b3 Rd6 24.h4 Qc5 25.h5 a5 26.hxg6 fxg6 27.Rxe6 Rxe6 28.Bc4 Qe7 29.Re1 Re8
30.Rxe6  1-0

[Event "Pardubice op"]
[Site "Pardubice"]
[Date "1995.??.??"]
[Round "?"]
[White "Hatanbaatar, Bazar"]
[Black "Onoprienko, Vladimir"]
[Result "1-0"]
[WhiteElo "2440"]
[BlackElo "2370"]

1.e4 c5 2.Nf3 d6 3.d4 cxd4 4.Nxd4 Nf6 5.Nc3 Nc6 6.Bg5 e6 7.Qd2 a6 8.O-O-O Bd7
9.f4 h6 10.Bh4 g5 11.fxg5 Ng4 12.Be2 Nge5 13.Nf3 Be7 14.Kb1 hxg5 15.Bg3 Qa5
16.Nxg5 b5 17.Rdf1 b4 18.Nd1 Rc8 19.Nf3 b3 20.cxb3 Nb4 21.a3 Rc2 22.axb4 Rxd2
23.bxa5 Rxe2 24.Bxe5 dxe5 25.Nxe5 Rxg2 26.Nxd7 Kxd7 27.Rxf7 Rgxh2 28.Rxh2 Rxh2
29.Nc3 Rh5 30.Kc2 Rxa5 31.Rh7 Rc5 32.Kd3 Ke8 33.Kd4 Rc7 34.Rh8+ Kd7 35.Ra8 Rb7
36.Rxa6 Rxb3 37.Na4 Rb5 38.Rb6 Bf6+ 39.Kc4 Rh5 40.b4 Be7 41.Nc5+ Bxc5 42.bxc5 Rh1
43.Rd6+ Ke7 44.Rd4 Re1 45.Kb5 e5 46.Rb4 Rd1 47.Ra4 Rd2 48.Ra7+ Ke6 49.Rh7 Rb2+
50.Kc6 Kf6 51.Rb7 Rd2 52.Rb4 Kg5 53.Kb5 Kf6 54.c6 Ke7 55.Kb6 Kd6 56.Kb7 Rc2
57.Rb6 Rc4 58.Rb1 Rxe4 59.c7 Rc4 60.Rd1+ Ke6 61.c8=Q+ Rxc8 62.Kxc8 e4 63.Kc7 Ke5
64.Kc6 e3 65.Kc5 Ke4 66.Kc4  1-0